[Event "SUI-ch op 122nd"]
[Site "Leukerbad"]
[Date "2023.07.17"]
[Round "3"]
[White "Kaczmarczyk, Dennis"]
[Black "Wyss, Jonas"]
[Result "0-1"]
[WhiteElo "2487"]
[BlackElo "2220"]
[PlyCount "82"]
[EventDate "2023.07.07"]
[EventType "swiss"]
[EventRounds "9"]
[EventCountry "SUI"]
[SourceTitle "EXT 2024"]
[Source "ChessBase"]
[SourceDate "2023.10.10"]
[SourceVersion "1"]
[SourceVersionDate "2023.10.10"]
[SourceQuality "1"]

1. e4 e6 2. d4 d5 3. Nc3 Bb4 4. Nge2 Nc6 5. a3 Ba5 6. b4 Bb6 7. Bb2 Nge7 8. Qd2 0-0 9. Na4 dxe4 10. c4 a6 11. 0-0-0 Bd7 12. Nxb6 cxb6 13. Nc3 b5 14. d5 exd5 15. Nxd5 Nxd5 16. Qxd5 Bg4 17. f3 exf3 18. gxf3 Qxd5 19. cxd5 Bxf3 20. Rg1 Rfc8 21. Rxg7+ Kf8 22. Kd2 Bxd1 23. dxc6 Rd8+ 24. Bd3 bxc6 25. Bf6 Bh5 26. Rxh7 Rxd3+ 27. Kc2 Rg3 28. Rxh5 Rg2+ 29. Kd3 Re8 30. Be5 Re6 31. Bd4 Ra2 32. Rh8+ Ke7 33. Bc5+ Kf6 34. h4 Rxa3+ 35. Kd2 Rh3 36. Rh5 Re4 37. Rh6+ Kf5 38. Rxc6 Rexh4 39. Rxa6 Rh2+ 40. Kd3 R4h3+ 41. Be3 Rb2 0-1

[Event "SUI-ch op 122nd"]
[Site "Leukerbad"]
[Date "2023.07.16"]
[Round "2"]
[White "Curien, Nicolas"]
[Black "Kaczmarczyk, Dennis"]
[Result "0-1"]
[WhiteElo "2190"]
[BlackElo "2487"]
[PlyCount "84"]
[EventDate "2023.07.07"]
[EventType "swiss"]
[EventRounds "9"]
[EventCountry "SUI"]
[SourceTitle "EXT 2024"]
[Source "ChessBase"]
[SourceDate "2023.10.10"]
[SourceVersion "1"]
[SourceVersionDate "2023.10.10"]
[SourceQuality "1"]

1. e4 c5 2. b4 cxb4 3. a3 d5 4. exd5 Qxd5 5. Nf3 e6 6. axb4 Bxb4 7. c3 Be7 8. Na3 Nc6 9. d4 Nf6 10. Nc4 Qd8 11. Bd3 0-0 12. Qc2 b5 13. Nce5 Qc7 14. 0-0 Bb7 15. Bg5 h6 16. Bxf6 Bxf6 17. Ng4 Be7 18. Qd2 f5 19. Nge5 Nxe5 20. Nxe5 Rfd8 21. Qb2 a6 22. Rfe1 Bd5 23. f4 Bd6 24. Rac1 Rab8 25. Bb1 Qa5 26. g4 Qa3 27. Qc2 Bxe5 28. fxe5 Qe7 29. h3 Rf8 30. Kh2 Qg5 31. Rf1 Rbc8 32. Ba2 fxg4 33. Bxd5 exd5 34. Qg2 Rf3 35. Qxg4 Qxg4 36. hxg4 Rxf1 37. Rxf1 Rxc3 38. Ra1 Rc6 39. Kg3 Kf7 40. Kf4 b4 41. Ke3 b3 42. Rf1+ Ke7 0-1

[Event "SUI-chT"]
[Site "Switzerland"]
[Date "2023.04.01"]
[Round "7.1"]
[White "Kaczmarczyk, Dennis"]
[Black "Kunin, Vitaly L"]
[Result "0-1"]
[WhiteElo "2488"]
[BlackElo "2517"]
[PlyCount "90"]
[EventDate "2022.05.01"]
[EventType "team-tourn"]
[EventRounds "9"]
[EventCountry "SUI"]
[SourceTitle "EXT 2024"]
[Source "ChessBase"]
[SourceDate "2023.10.10"]
[SourceVersion "1"]
[SourceVersionDate "2023.10.10"]
[SourceQuality "1"]
[WhiteTeam "Winterthur"]
[BlackTeam "Kirchberg"]
[WhiteTeamCountry "SUI"]
[BlackTeamCountry "SUI"]

1. e4 c5 2. c3 d5 3. exd5 Qxd5 4. d4 g6 5. Nf3 Bg7 6. Nbd2 cxd4 7. Bc4 Qh5 8. cxd4 Nh6 9. 0-0 0-0 10. h3 Nc6 11. Ne4 Qa5 12. d5 Qb4 13. Qb3 Qxb3 14. axb3 Nb8 15. Re1 Kh8 16. Nc3 Ng8 17. Bg5 Bxc3 18. bxc3 f6 19. Be3 a6 20. Bd4 Kg7 21. Re3 Kf7 22. d6+ e6 23. Rae1 Nc6 24. Bxe6+ Bxe6 25. Rxe6 Rfe8 26. Rxe8 Rxe8 27. Rd1 Ke6 28. Bc5 Kd7 29. Kf1 f5 30. Nd2 Nf6 31. Nc4 Ne4 32. Nb6+ Ke6 33. Ba3 Nxc3 34. d7 Rd8 35. Re1+ Kf7 36. Bd6 Nd5 37. Nxd5 Rxd7 38. Nb6 Rxd6 39. Nc4 Rd3 40. b4 Rd4 41. Rc1 Nxb4 42. Na5 b6 43. Rc7+ Ke6 44. Nc4 Rd1+ 45. Ke2 Rc1 0-1

[Event "SUI-chT"]
[Site "Switzerland"]
[Date "2022.11.12"]
[Round "8.4"]
[White "Kaczmarczyk, Dennis"]
[Black "Duratti, Lindo"]
[Result "1-0"]
[WhiteElo "2471"]
[BlackElo "2171"]
[PlyCount "51"]
[EventDate "2022.05.01"]
[EventType "team-tourn"]
[EventRounds "9"]
[EventCountry "SUI"]
[SourceTitle "EXT 2024"]
[Source "ChessBase"]
[SourceDate "2023.10.10"]
[SourceVersion "1"]
[SourceVersionDate "2023.10.10"]
[SourceQuality "1"]
[WhiteTeam "Winterthur"]
[BlackTeam "Echallens"]
[WhiteTeamCountry "SUI"]
[BlackTeamCountry "SUI"]

1. e4 e6 2. d4 d5 3. e5 c5 4. c3 Nc6 5. Nf3 Bd7 6. Be2 Qc7 7. 0-0 f6 8. Bf4 0-0-0 9. Bg3 f5 10. c4 dxc4 11. d5 exd5 12. Qxd5 Nb4 13. Qxc4 b5 14. Qc1 Bc6 15. a4 a6 16. axb5 axb5 17. Nc3 Qb6 18. Nxb5 Bxb5 19. Bxb5 Kb7 20. Bc4 h6 21. e6 g5 22. Be5 Rh7 23. Rd1 Be7 24. Qc3 Qc6 25. Rxd8 Bxd8 26. Qa3 1-0

[Event "Oberliga Baden 2223"]
[Site "Germany"]
[Date "2022.10.23"]
[Round "3.3"]
[White "Werner, Clemens"]
[Black "Kaczmarczyk, Dennis"]
[Result "0-1"]
[WhiteElo "2255"]
[BlackElo "2468"]
[PlyCount "82"]
[EventDate "2022.09.18"]
[EventType "team-tourn"]
[EventRounds "9"]
[EventCountry "GER"]
[SourceTitle "EXT 2024"]
[Source "ChessBase"]
[SourceDate "2023.10.10"]
[SourceVersion "1"]
[SourceVersionDate "2023.10.10"]
[SourceQuality "1"]
[WhiteTeam "Ettlingen"]
[BlackTeam "Baden-Baden III"]
[WhiteTeamCountry "GER"]
[BlackTeamCountry "GER"]

1. e4 e6 2. d4 d5 3. Nc3 Nf6 4. exd5 exd5 5. Bg5 Be7 6. Nf3 0-0 7. Be2 Re8 8. 0-0 h6 9. Bh4 Bf5 10. Re1 Ne4 11. Bxe7 Rxe7 12. Ne5 c5 13. Bf3 Nxc3 14. bxc3 Nc6 15. Nxc6 bxc6 16. dxc5 Rxe1+ 17. Qxe1 Bxc2 18. Rc1 Bd3 19. Qe5 Qg5 20. Qxg5 hxg5 21. Rd1 Bc4 22. Bg4 Rb8 23. Bd7 Rb5 24. Bxc6 Rxc5 25. Ba8 Bxa2 26. Ra1 Rxc3 27. h3 Rc8 28. Rxa2 Rxa8 29. Ra5 f6 30. Rxd5 a5 31. Rd3 a4 32. Ra3 Kf7 33. Kf1 Ke6 34. Ke2 Kd5 35. Kd3 Kc5 36. Kc3 Kb5 37. Kb2 Re8 38. Rf3 Kb4 39. h4 Re2+ 40. Kb1 gxh4 41. Rf4+ Kc3 0-1

[Event "SUI-chT"]
[Site "Switzerland"]
[Date "2022.06.12"]
[Round "3.1"]
[White "Kaczmarczyk, Dennis"]
[Black "Bauer, Christian"]
[Result "0-1"]
[WhiteElo "2471"]
[BlackElo "2596"]
[PlyCount "44"]
[EventDate "2022.05.01"]
[EventType "team-tourn"]
[EventRounds "9"]
[EventCountry "SUI"]
[SourceTitle "EXT 2023"]
[Source "ChessBase"]
[SourceDate "2022.10.05"]
[SourceVersion "1"]
[SourceVersionDate "2022.10.05"]
[SourceQuality "1"]
[WhiteTeam "Winterthur"]
[BlackTeam "Zuerich"]
[WhiteTeamCountry "SUI"]
[BlackTeamCountry "SUI"]

1. e4 c5 2. Nf3 Nc6 3. Bb5 e6 4. 0-0 Nge7 5. d4 cxd4 6. Nxd4 Qc7 7. Be2 Ng6 8. Nb5 Qb8 9. f4 a6 10. N5c3 Bc5+ 11. Kh1 b5 12. Bd3 Bb7 13. a4 b4 14. Ne2 Qc7 15. Nd2 Nce7 16. Nb3 Ba7 17. Bd2 f5 18. Ng3 h5 19. Qe2 h4 20. Nxf5 exf5 21. Bxb4 Nxf4 22. Qd2 Nh5 0-1

[Event "SUI-chT"]
[Site "Switzerland"]
[Date "2022.05.15"]
[Round "2.1"]
[White "Kaczmarczyk, Dennis"]
[Black "Stojanovic, Mihajlo"]
[Result "1/2-1/2"]
[WhiteElo "2471"]
[BlackElo "2501"]
[PlyCount "66"]
[EventDate "2022.05.01"]
[EventType "team-tourn"]
[EventRounds "9"]
[EventCountry "SUI"]
[SourceTitle "EXT 2023"]
[Source "ChessBase"]
[SourceDate "2022.10.05"]
[SourceVersion "1"]
[SourceVersionDate "2022.10.05"]
[SourceQuality "1"]
[WhiteTeam "Winterthur"]
[BlackTeam "Reti"]
[WhiteTeamCountry "SUI"]
[BlackTeamCountry "SUI"]

1. e4 c5 2. Nf3 e6 3. d4 cxd4 4. Nxd4 Nc6 5. Nc3 Qc7 6. g3 a6 7. Bg2 Nf6 8. 0-0 Bc5 9. Nb3 Ba7 10. Qe2 d6 11. Rd1 h6 12. a4 0-0 13. h3 e5 14. Be3 Bxe3 15. Qxe3 Be6 16. Nd5 Bxd5 17. exd5 Na5 18. Nxa5 Qxa5 19. Qa3 Qc7 20. a5 Nd7 21. Rac1 b6 22. Rd3 bxa5 23. Rc3 Nc5 24. Ra1 Rfb8 25. b3 Rb4 26. Bf1 Rd4 27. Qxa5 Qxa5 28. Rxa5 Rb8 29. Rc4 Rxc4 30. Bxc4 Kf8 31. Ra3 Ke7 32. f3 f5 33. Kf2 g5 1/2-1/2

[Event "SUI-chT"]
[Site "Switzerland"]
[Date "2021.12.11"]
[Round "8.4"]
[White "Scherer, Michel"]
[Black "Kaczmarczyk, Dennis"]
[Result "0-1"]
[WhiteElo "2190"]
[BlackElo "2448"]
[PlyCount "46"]
[EventDate "2021.08.29"]
[EventType "team-tourn"]
[EventRounds "9"]
[EventCountry "SUI"]
[SourceTitle "EXT 2023"]
[Source "ChessBase"]
[SourceDate "2022.10.05"]
[SourceVersion "1"]
[SourceVersionDate "2022.10.05"]
[SourceQuality "1"]
[WhiteTeam "Trubschachen"]
[BlackTeam "Winterthur"]
[WhiteTeamCountry "SUI"]
[BlackTeamCountry "SUI"]

1. c4 b6 2. Nc3 Bb7 3. d4 Nf6 4. f3 d5 5. cxd5 Nxd5 6. e4 Nxc3 7. bxc3 e5 8. Bc4 exd4 9. cxd4 Bb4+ 10. Kf2 0-0 11. Ne2 c5 12. a3 Ba5 13. Bb2 Nd7 14. Ng3 b5 15. Bxb5 Qb6 16. Qe2 cxd4 17. Bd3 Ne5 18. Rab1 Nxd3+ 19. Qxd3 Ba6 20. Qxd4 Rfd8 21. Qxb6 Bxb6+ 22. Ke1 Rac8 23. Be5 Rc2 0-1

[Event "Verbandsliga Suedbaden 2122"]
[Site "Baden"]
[Date "2021.11.21"]
[Round "3.1"]
[White "Kaczmarczyk, Dennis"]
[Black "Hasenohr, Benedict"]
[Result "1-0"]
[WhiteElo "2442"]
[BlackElo "2268"]
[PlyCount "55"]
[EventDate "2021.10.10"]
[EventType "team-tourn"]
[EventRounds "9"]
[EventCountry "GER"]
[SourceTitle "EXT 2023"]
[Source "ChessBase"]
[SourceDate "2022.10.05"]
[SourceVersion "1"]
[SourceVersionDate "2022.10.05"]
[SourceQuality "1"]
[WhiteTeam "Baden-Baden IV"]
[BlackTeam "Gottmadingen"]
[WhiteTeamCountry "GER"]
[BlackTeamCountry "GER"]

1. e4 e6 2. d4 d5 3. e5 c5 4. c3 Qb6 5. Nf3 Nc6 6. Bd3 Bd7 7. dxc5 Bxc5 8. 0-0 a5 9. Nbd2 Qa7 10. Nb3 Bb6 11. a4 Rc8 12. Qd2 h6 13. Qf4 g5 14. Qg3 f5 15. exf6 Nxf6 16. Bf4 Rg8 17. Bd6 Nd8 18. Ne5 Nf7 19. Nxd7 Kxd7 20. Bb5+ Rc6 21. Qf3 Kxd6 22. Qxf6 Rc7 23. Rad1 Nd8 24. Rxd5+ Kxd5 25. Rd1+ Ke4 26. Bd3+ Kd5 27. Be2+ Kc6 28. Bf3# 1-0

[Event "SUI-chT"]
[Site "Switzerland"]
[Date "2021.10.10"]
[Round "3.3"]
[White "Vogt, Lothar"]
[Black "Kaczmarczyk, Dennis"]
[Result "1/2-1/2"]
[WhiteElo "2359"]
[BlackElo "2448"]
[PlyCount "83"]
[EventDate "2021.08.29"]
[EventType "team-tourn"]
[EventRounds "9"]
[EventCountry "SUI"]
[SourceTitle "EXT 2023"]
[Source "ChessBase"]
[SourceDate "2022.10.05"]
[SourceVersion "1"]
[SourceVersionDate "2022.10.05"]
[SourceQuality "1"]
[WhiteTeam "Zuerich"]
[BlackTeam "Winterthur"]
[WhiteTeamCountry "SUI"]
[BlackTeamCountry "SUI"]

1. e4 e6 2. d4 d5 3. Nc3 Nf6 4. Bg5 dxe4 5. Nxe4 Nbd7 6. Nf3 h6 7. Nxf6+ Nxf6 8. Be3 Bd6 9. Bd3 0-0 10. Qe2 b6 11. 0-0-0 Bb7 12. Kb1 Nd5 13. Bd2 Qf6 14. Be4 Nf4 15. Bxf4 Bxe4 16. Qxe4 Qxf4 17. Qxf4 Bxf4 18. c4 c6 19. Kc2 Rfd8 20. Rd3 Rac8 21. Rhd1 Bd6 22. a3 g6 23. b4 Be7 24. Ne5 Bf6 25. f4 Kf8 26. a4 a6 27. Kb3 Ke7 28. c5 b5 29. axb5 axb5 30. Ra1 Bxe5 31. fxe5 Rc7 32. g4 Kf8 33. Ra6 Kg7 34. Kc3 Rf8 35. Rf3 Rd8 36. Kd3 Kg8 37. Ke4 Kg7 38. Rfa3 Kh7 39. Ra7 Rdc8 40. Rxc7 Rxc7 41. Ra8 Kg7 42. h4 1/2-1/2

[Event "SUI-chT"]
[Site "Switzerland"]
[Date "2019.09.07"]
[Round "6.4"]
[White "Gaehwiler, Gabriel"]
[Black "Kaczmarczyk, Dennis"]
[Result "1/2-1/2"]
[WhiteElo "2414"]
[BlackElo "2423"]
[PlyCount "65"]
[EventDate "2019.03.10"]
[EventType "team-tourn"]
[EventRounds "9"]
[EventCountry "SUI"]
[SourceTitle "EXT 2020"]
[Source "ChessBase"]
[SourceDate "2019.10.17"]
[SourceVersion "1"]
[SourceVersionDate "2019.10.17"]
[SourceQuality "1"]
[WhiteTeam "Luzern"]
[BlackTeam "Winterthur"]
[WhiteTeamCountry "SUI"]
[BlackTeamCountry "SUI"]

1. d4 Nf6 2. c4 e6 3. Nf3 d5 4. Qc2 dxc4 5. Qxc4 a6 6. g3 b5 7. Qc2 Bb7 8. Bg2 Nbd7 9. Bg5 c5 10. dxc5 Bxc5 11. 0-0 Rc8 12. Qd3 0-0 13. Nbd2 h6 14. Bf4 Qe7 15. Be3 Nd5 16. Bxc5 Nxc5 17. Qa3 Na4 18. Qxe7 Nxe7 19. b4 Rc7 20. Nb3 Nd5 21. a3 Ndb6 22. Ne5 Bxg2 23. Kxg2 Rc3 24. Na5 Rfc8 25. Rfd1 f6 26. Nd7 Nc4 27. Nxc4 R3xc4 28. Rd6 R4c6 29. Rad1 Nb2 30. Rxc6 Rxc6 31. Nb8 Rc8 32. Rb1 Rxb8 33. Rxb2 1/2-1/2

[Event "SUI-ch HT 119th"]
[Site "Leukerbad"]
[Date "2019.07.18"]
[Round "8"]
[White "Bauer, Christian"]
[Black "Kaczmarczyk, Dennis"]
[Result "1-0"]
[WhiteElo "2646"]
[BlackElo "2427"]
[PlyCount "61"]
[EventDate "2019.07.11"]
[EventType "swiss"]
[EventRounds "9"]
[EventCountry "SUI"]
[SourceTitle "EXT 2020"]
[Source "ChessBase"]
[SourceDate "2019.10.17"]
[SourceVersion "1"]
[SourceVersionDate "2019.10.17"]
[SourceQuality "1"]

1. e4 e6 2. Qe2 c5 3. Nf3 Nc6 4. g3 g6 5. Bg2 Bg7 6. c3 Nge7 7. d3 d6 8. 0-0 0-0 9. a3 e5 10. b4 Qc7 11. Nbd2 h6 12. Bb2 Be6 13. b5 Na5 14. c4 Rae8 15. Bc3 f5 16. exf5 gxf5 17. Nh4 d5 18. Rae1 dxc4 19. dxc4 e4 20. Bxg7 Kxg7 21. f3 Qd6 22. fxe4 f4 23. gxf4 Rxf4 24. Nhf3 Ng6 25. Qe3 Qc7 26. Qc3+ Kh7 27. e5 Nxc4 28. Ne4 Kh8 29. Nf6 Rd8 30. Qc1 Nb6 31. Re4 1-0

[Event "SUI-ch HT 119th"]
[Site "Leukerbad"]
[Date "2019.07.11"]
[Round "1"]
[White "Kornitzky, Tino"]
[Black "Kaczmarczyk, Dennis"]
[Result "0-1"]
[WhiteElo "2073"]
[BlackElo "2427"]
[PlyCount "64"]
[EventDate "2019.07.11"]
[EventType "swiss"]
[EventRounds "9"]
[EventCountry "SUI"]
[SourceTitle "EXT 2020"]
[Source "ChessBase"]
[SourceDate "2019.10.17"]
[SourceVersion "1"]
[SourceVersionDate "2019.10.17"]
[SourceQuality "1"]

1. d4 Nf6 2. c4 e6 3. g3 d5 4. Bg2 dxc4 5. Nf3 c5 6. 0-0 Nc6 7. Qa4 Bd7 8. Qxc4 cxd4 9. Nxd4 Rc8 10. Nc3 Nxd4 11. Qxd4 Bc5 12. Qh4 0-0 13. Bxb7 Rb8 14. Bf3 h6 15. b3 Rb4 16. Qh3 e5 17. Qg2 Qc8 18. Rd1 Bh3 19. Qh1 Bd4 20. Ba3 Bxc3 21. Rac1 Qa6 22. Bxb4 Bxb4 23. Rc4 Rb8 24. Be4 Bf8 25. Bb1 Be6 26. Rc2 Qa5 27. Qf3 Rd8 28. Rcc1 Ba3 29. Rxd8+ Qxd8 30. Rf1 Bh3 31. Re1 Qd2 32. Qa8+ Bf8 0-1

[Event "SUI-chT"]
[Site "Switzerland"]
[Date "2019.05.04"]
[Round "3.3"]
[White "Kaczmarczyk, Dennis"]
[Black "Bogner, Sebastian"]
[Result "0-1"]
[WhiteElo "2423"]
[BlackElo "2601"]
[PlyCount "54"]
[EventDate "2019.03.10"]
[EventType "team-tourn"]
[EventRounds "9"]
[EventCountry "SUI"]
[SourceTitle "CBM 190 Extra"]
[Source "ChessBase"]
[SourceDate "2019.07.15"]
[SourceVersion "1"]
[SourceVersionDate "2019.07.15"]
[SourceQuality "1"]
[WhiteTeam "Winterthur"]
[BlackTeam "Reti"]
[WhiteTeamCountry "SUI"]
[BlackTeamCountry "SUI"]

1. d4 Nf6 2. c4 e6 3. Nf3 b6 4. g3 Ba6 5. Nbd2 d5 6. Bg2 Be7 7. 0-0 0-0 8. b3 c5 9. Bb2 Nc6 10. cxd5 exd5 11. Rc1 Re8 12. Ne5 Nxd4 13. Bxd4 cxd4 14. Ndf3 Ba3 15. Rc2 Rc8 16. Nd3 Bc5 17. Qb1 Ne4 18. b4 Nc3 19. Rxc3 dxc3 20. bxc5 Rxe2 21. Nb4 Rb2 22. Qf5 g6 23. Qe5 Rxb4 24. Ng5 Rxc5 25. Re1 d4 26. Qh8+ Kxh8 27. Nxf7+ Kg8 0-1

[Event "Oberliga Baden 1819"]
[Site "Baden"]
[Date "2019.02.03"]
[Round "6.2"]
[White "Dobosz, Henryk"]
[Black "Kaczmarczyk, Dennis"]
[Result "1/2-1/2"]
[WhiteElo "2400"]
[BlackElo "2442"]
[PlyCount "33"]
[EventDate "2018.10.21"]
[EventType "team-tourn"]
[EventRounds "9"]
[EventCountry "GER"]
[SourceTitle "EXT 2020"]
[Source "ChessBase"]
[SourceDate "2019.10.17"]
[SourceVersion "1"]
[SourceVersionDate "2019.10.17"]
[SourceQuality "1"]
[WhiteTeam "Buchen"]
[BlackTeam "Baden-Baden III"]
[WhiteTeamCountry "GER"]
[BlackTeamCountry "GER"]

1. d4 d5 2. c4 e6 3. Nf3 Nf6 4. Nc3 dxc4 5. e3 a6 6. a4 b6 7. Bxc4 Bb7 8. 0-0 Bb4 9. Qe2 0-0 10. Rd1 Nbd7 11. Bd2 c5 12. Nb1 Bxd2 13. Nbxd2 Qe7 14. dxc5 Nxc5 15. Ne5 Rfc8 16. Ndf3 Qc7 17. Rd4 1/2-1/2

[Event "Oberliga Baden 1819"]
[Site "Baden"]
[Date "2018.11.25"]
[Round "3.1"]
[White "Kaczmarczyk, Dennis"]
[Black "Gschnitzer, Oswald"]
[Result "0-1"]
[WhiteElo "2442"]
[BlackElo "2373"]
[PlyCount "72"]
[EventDate "2018.10.21"]
[EventType "team-tourn"]
[EventRounds "9"]
[EventCountry "GER"]
[SourceTitle "EXT 2020"]
[Source "ChessBase"]
[SourceDate "2019.10.17"]
[SourceVersion "1"]
[SourceVersionDate "2019.10.17"]
[SourceQuality "1"]
[WhiteTeam "Baden-Baden III"]
[BlackTeam "Walldorf"]
[WhiteTeamCountry "GER"]
[BlackTeamCountry "GER"]

1. d4 Nf6 2. c4 e6 3. g3 c5 4. Nf3 cxd4 5. Nxd4 d5 6. Bg2 e5 7. Nf3 d4 8. 0-0 Nc6 9. e3 Be7 10. exd4 exd4 11. a3 a5 12. Bf4 0-0 13. Ne5 Qb6 14. Re1 Be6 15. Nd2 Rfd8 16. Nd3 h6 17. Qc2 a4 18. c5 Qb5 19. Rxe6 fxe6 20. Bh3 Nd5 21. Bxe6+ Kh8 22. Re1 Nxf4 23. gxf4 Bxc5 24. Re5 Nxe5 25. Nxe5 d3 26. Qd1 Bxf2+ 27. Kf1 Bd4 28. Nf7+ Kh7 29. Ng5+ Kg6 30. Bf7+ Kf6 31. Qe1 Qc6 32. Nde4+ Ke7 33. Nc5+ Kd6 34. Nge4+ Kc7 35. Ne6+ Kb6 36. Qb4+ Qb5 0-1

[Event "SUI-chT"]
[Site "Switzerland"]
[Date "2018.10.27"]
[Round "8.7"]
[White "Kaczmarczyk, Dennis"]
[Black "Vernay, Clovis"]
[Result "0-1"]
[WhiteElo "2423"]
[BlackElo "2505"]
[PlyCount "136"]
[EventDate "2018.03.25"]
[EventType "team-tourn"]
[EventRounds "9"]
[EventCountry "SUI"]
[SourceTitle "CBM 187 Extra"]
[Source "ChessBase"]
[SourceDate "2018.11.04"]
[SourceVersion "1"]
[SourceVersionDate "2018.11.04"]
[SourceQuality "1"]
[WhiteTeam "Winterthur"]
[BlackTeam "Geneve"]
[WhiteTeamCountry "SUI"]
[BlackTeamCountry "SUI"]

1. d4 d5 2. c4 c6 3. Nf3 Nf6 4. Nc3 dxc4 5. a4 Bf5 6. e3 e6 7. Bxc4 Bb4 8. 0-0 0-0 9. Qe2 Nbd7 10. e4 Bg4 11. Rd1 Qa5 12. h3 Bh5 13. g4 Bg6 14. Bd3 c5 15. e5 Bxd3 16. Rxd3 c4 17. Rd1 Nd5 18. Ne4 Rfc8 19. Ne1 c3 20. b3 Qa6 21. Qxa6 bxa6 22. Nc2 Rab8 23. Be3 Rc6 24. Rdc1 Be7 25. Rab1 a5 26. Kf1 f5 27. exf6 gxf6 28. Bh6 Kf7 29. Ng3 Kg6 30. Be3 Rcb6 31. Na1 Ba3 32. Rc2 Rc6 33. Ne2 Rbc8 34. Nf4+ Nxf4 35. Bxf4 Nb6 36. Ra2 Nd5 37. Be3 Bb2 38. Bc1 Nb4 39. Raxb2 cxb2 40. Bxb2 Nd3 41. Ba3 Nf4 42. Bc5 Nd3 43. b4 axb4 44. Nb3 Nxc5 45. dxc5 Rd8 46. Ke2 e5 47. Rc1 Rc7 48. Rc4 Rcd7 49. Rxb4 Rd3 50. Na5 Rd2+ 51. Kf3 R8d3+ 52. Kg2 Rc3 53. c6 Rcc2 54. Kg3 Rd5 55. Rb5 Rxb5 56. axb5 Rc5 57. Kf3 Rxb5 58. Nb7 Rb6 59. Na5 Rb1 60. Ke4 Kf7 61. g5 fxg5 62. Kxe5 Ke7 63. Nb7 a5 64. Kd5 Rd1+ 65. Ke5 Rc1 66. Kd5 a4 67. Nc5 a3 68. c7 Rxc5+ 0-1

[Event "EU-Cup 34th"]
[Site "Porto Carras"]
[Date "2018.10.15"]
[Round "4.4"]
[White "Kaczmarczyk, Dennis"]
[Black "Van der Heijden, Ton"]
[Result "1/2-1/2"]
[WhiteElo "2442"]
[BlackElo "2300"]
[PlyCount "74"]
[EventDate "2018.10.12"]
[EventType "team-swiss"]
[EventRounds "7"]
[EventCountry "GRE"]
[SourceTitle "CBM 187"]
[Source "ChessBase"]
[SourceDate "2018.12.11"]
[SourceVersion "1"]
[SourceVersionDate "2018.12.11"]
[SourceQuality "1"]
[WhiteTeam "Winterthur"]
[BlackTeam "BSG"]
[WhiteTeamCountry "SUI"]
[BlackTeamCountry "NED"]

1. d4 Nf6 2. c4 c5 3. d5 b5 4. cxb5 a6 5. e3 g6 6. Nc3 Bg7 7. Nf3 0-0 8. a4 e6 9. dxe6 fxe6 10. Be2 axb5 11. Bxb5 d5 12. 0-0 Bb7 13. Re1 Nc6 14. h3 Qe7 15. Bd2 Rad8 16. Bf1 Kh8 17. Ra3 e5 18. a5 e4 19. Nh2 Ne5 20. Na4 Nh5 21. Be2 d4 22. Qc1 Qh4 23. Rf1 Nf3+ 24. Bxf3 exf3 25. Nxc5 fxg2 26. Nxb7 gxf1Q+ 27. Qxf1 Rd7 28. a6 Ng3 29. fxg3 Rxf1+ 30. Nxf1 Qf6 31. a7 Rf7 32. a8Q+ Bf8 33. Ra1 Qf2+ 34. Kh1 Qf3+ 35. Kg1 Qf2+ 36. Kh1 Qf3+ 37. Kg1 Qf2+ 1/2-1/2

[Event "EU-Cup 34th"]
[Site "Porto Carras"]
[Date "2018.10.12"]
[Round "1.3"]
[White "Ostergaard, Jens"]
[Black "Kaczmarczyk, Dennis"]
[Result "0-1"]
[WhiteElo "2225"]
[BlackElo "2442"]
[PlyCount "104"]
[EventDate "2018.10.12"]
[EventType "team-swiss"]
[EventRounds "7"]
[EventCountry "GRE"]
[SourceTitle "CBM 187"]
[Source "ChessBase"]
[SourceDate "2018.12.11"]
[SourceVersion "1"]
[SourceVersionDate "2018.12.11"]
[SourceQuality "1"]
[WhiteTeam "Hillerod"]
[BlackTeam "Winterthur"]
[WhiteTeamCountry "DEN"]
[BlackTeamCountry "SUI"]

1. d4 d5 2. Nf3 Nf6 3. c4 e6 4. Nc3 dxc4 5. e4 b5 6. e5 Nd5 7. Nxb5 Nb6 8. g3 Bb7 9. Bg2 Be7 10. 0-0 0-0 11. Qe2 Nc6 12. Rd1 Rb8 13. Be3 Qd7 14. Na3 Bxa3 15. bxa3 Ne7 16. Bd2 Bd5 17. Bb4 Rfd8 18. Qc2 Nf5 19. Bc5 Qc6 20. Ne1 Bxg2 21. Nxg2 Na4 22. Bxa7 Rb2 23. d5 Rxc2 24. dxc6 Rcd2 25. Rxd2 Rxd2 26. Ne3 c3 27. Kg2 Ne7 28. Nc4 Rd3 29. Bb8 Nd5 30. Ne3 Nxe3+ 31. fxe3 c2 32. Rc1 Rc3 33. Kf2 Rxc6 34. Ke1 Nb6 35. Ba7 Rc3 36. Bxb6 cxb6 37. Kd2 Rxa3 38. Rxc2 g5 39. Rb2 h5 40. h3 Kg7 41. g4 hxg4 42. hxg4 Ra4 43. Kc3 Rxg4 44. Rxb6 Re4 45. Rb5 Rxe3+ 46. Kb2 g4 47. Rb4 g3 48. a4 Kg6 49. Rg4+ Kh5 50. Rg7 Kh4 51. Rh7+ Kg4 52. Rxf7 g2 0-1

[Event "Biel MTO op 51st"]
[Site "Biel"]
[Date "2018.07.27"]
[Round "5"]
[White "Kaczmarczyk, Dennis"]
[Black "Baklan, Vladimir"]
[Result "1/2-1/2"]
[WhiteElo "2444"]
[BlackElo "2595"]
[PlyCount "87"]
[EventDate "2018.07.23"]
[EventType "swiss"]
[EventRounds "9"]
[EventCountry "SUI"]
[SourceTitle "CBM 186 Extra"]
[Source "ChessBase"]
[SourceDate "2018.08.24"]
[SourceVersion "1"]
[SourceVersionDate "2018.08.24"]
[SourceQuality "1"]

1. d4 Nf6 2. c4 e6 3. g3 Bb4+ 4. Bd2 a5 5. Nf3 b6 6. Bg2 Bb7 7. 0-0 0-0 8. Bf4 Be7 9. Nc3 Ne4 10. Qd3 Nxc3 11. bxc3 f5 12. Ne1 Qc8 13. e4 fxe4 14. Bxe4 Bxe4 15. Qxe4 Nc6 16. Nc2 Bf6 17. Rfe1 Ne7 18. Rab1 Rb8 19. Na3 Ng6 20. Bd2 Be7 21. Nc2 Qa6 22. Ne3 Qa8 23. Qxa8 Rxa8 24. a4 Nh8 25. Ng4 Nf7 26. Ne5 Nxe5 27. Rxe5 Rac8 28. Reb5 Kf7 29. Be3 Ra8 30. c5 bxc5 31. dxc5 Rfc8 32. Kf1 d6 33. Ke2 e5 34. c4 Ke6 35. Bd2 c6 36. Rb7 dxc5 37. Bc3 Bf6 38. Ke3 Kf5 39. f3 h5 40. h3 Bg5+ 41. Ke2 Bf6 42. Ke3 Bg5+ 43. Ke2 Bf6 44. Ke3 1/2-1/2